Recyling End-of-life Vehicles: (Record no. 172702)

MARC details
000 -LEADER
fixed length control field 00662nam a22001817a 4500
005 - DATE AND TIME OF LATEST TRANSACTION
control field 20230628165848.0
010 ## - LCCN (DPL NO)
LC control number ENG-127685 ENG-137216
020 ## - INTERNATIONAL STANDARD BOOK NUMBER
Terms of availability 500.00
International Standard Book Number 9788185984957
035 ## - SYSTEM CONTROL NUMBER
System control number EN-111217 EN-120748
037 ## - SOURCE OF ACQUISITION
Source of stock number/acquisition DBAD/PUB
082 ## - DEWEY DECIMAL CLASSIFICATION NUMBER
Classification number 338.47629222
100 ## - MAIN ENTRY--PERSONAL NAME
Personal name N.S.Mohan Ram
245 ## - TITLE STATEMENT
Title Recyling End-of-life Vehicles:
Remainder of title by N.S.Mohan Ram
Statement of responsibility, etc with special focus on India and developing nations/
260 ## - PUBLICATION, DISTRIBUTION, ETC. (IMPRINT)
Place of publication, distribution, etc Madras
Name of publisher, distributor, etc Productivity & Quality Publishing Pvt.Ltd.
Date of publication, distribution, etc 2019
270 ## - ADDRESS
City Madras
Address 38,Thanikachalam Road, T. Nagar
Postal code 110002
Electronic mail address aryanbooks@gmail.com
300 ## - PHYSICAL DESCRIPTION
Extent xxii;212p.
Other physical details 23cm(hb)
942 ## - ADDED ENTRY ELEMENTS (KOHA)
Source of classification or shelving scheme Dewey Decimal Classification
Item type English Books
Classification part 338.47629222
Call number suffix NSM
Holdings
Withdrawn status Lost status Not for loan Collection code Home library Current library Date acquired Source of acquisition Cost, normal purchase price Full call number Barcode Copy number Cost, replacement price Koha item type
      Non-fiction Bawana Bawana 28/06/2023 DBAD/PUB 500.00 338.47629222 NSM EN-120748 1 500.00 English Books
      Non-fiction Central Library Central Library 11/02/2020 DBAD/PUB 500.00 338.47629222 NSM EN-111217 1 500.00 English Books

© Delhi Public Library
Hit Counter
free hit counter